000 00282nam a22001097a 4500
008 180807b xxu||||| |||| 00| 0 eng d
082 _a813.52
245 _aThe Handbook of Pediatric Dentistry
_cAcademy of Pediatric Dentistry
260 _c2007
300 _a1
_fCD
942 _2ddc
_cMX
999 _c46897
_d46897